[Event "51st World Juniors"]
[Site "Athens GRE"]
[Date "2012.08.10"]
[Round "8.60"]
[White "Yurtseven, Melih"]
[Black "Cajahuanca Ramirez, Olindo"]
[Result "1-0"]
[WhiteElo "2126"]
[BlackElo "1856"]
[WhiteFideId "6312160"]
[BlackFideId "3811530"]
[EventDate "2012.08.02"]

1. e4 c5 2. Nf3 d6 3. d4 cxd4 4. Nxd4 Nf6 5. Nc3 a6 6. Bg5 e6 7. f4 Be7 8. Qf3
Nbd7 9. O-O-O Qc7 10. g4 b5 11. Bxf6 Nxf6 12. g5 Nd7 13. f5 Bxg5+ 14. Kb1 e5 15.
Ne6 fxe6 16. Qh5+ Kf8 17. Qxg5 Nf6 18. fxe6 Bxe6 19. Bd3 Ra7 20. Rhf1 Qd8 21.
Rf2 Rf7 22. Rdf1 Qe7 23. h4 Ke8 24. a4 b4 25. Nd1 Rhf8 26. Bxa6 Nxe4 27. Bb5+
Kd8 28. Rxf7 Rxf7 29. Rxf7 Bxf7 30. Qg4 Bg6 31. h5 Nf6 32. Qxb4 Nxh5 33. Nc3 Nf4
34. a5 Qc7 35. a6 Ke7 36. Bf1 Kd7 37. Qa4+ Qc6 38. Bb5 1-0

[Event "51st World Juniors"]
[Site "Athens GRE"]
[Date "2012.08.10"]
[Round "8.62"]
[White "Papasimakopoulos, Vasilios"]
[Black "Vandevenne, Sander"]
[Result "0-1"]
[WhiteElo "1820"]
[BlackElo "2083"]
[WhiteFideId "4244141"]
[BlackFideId "223000"]
[EventDate "2012.08.02"]

1. d4 e6 2. c4 d5 3. Nc3 Nf6 4. cxd5 exd5 5. Bg5 Nbd7 6. e3 Be7 7. Qc2 O-O 8.
Nf3 Re8 9. Bd3 Nf8 10. O-O g6 11. Bxf6 Bxf6 12. b4 Bg4 13. Nd2 c6 14. b5 Bd7 15.
bxc6 Bxc6 16. Rfc1 Qd7 17. Nb3 Ne6 18. Na5 Rec8 19. Nxc6 bxc6 20. Ba6 Rc7 21.
Rab1 c5 22. Bb5 Qd8 23. dxc5 Rxc5 24. Qd3 a6 25. Ba4 Qa5 26. Bb3 Bxc3 27. Bxd5
Rxd5 28. Qxc3 Rd1+ 0-1

[Event "51st World Juniors"]
[Site "Athens GRE"]
[Date "2012.08.10"]
[Round "8.63"]
[White "Zervos, Lazaros"]
[Black "Alexiadis, Hristos"]
[Result "0-1"]
[WhiteElo "1799"]
[BlackElo "1769"]
[WhiteFideId "4238362"]
[BlackFideId "4249623"]
[EventDate "2012.08.02"]

1. e4 c5 2. Nf3 d6 3. d4 Nf6 4. Nc3 cxd4 5. Nxd4 a6 6. Bg5 e6 7. f4 Qb6 8. Qd2
Nc6 9. O-O-O h6 10. Bh4 Qc7 11. Be2 Bd7 12. Bxf6 gxf6 13. Bh5 Rh7 14. f5 O-O-O
15. Bxf7 Nxd4 16. Bg6 Rg7 17. Qxd4 Be7 18. Qe3 Rh8 19. Qf2 Rhg8 20. g3 Bc6 21.
Rhe1 b5 22. Qe3 Kb7 23. Ne2 e5 24. Nc3 Rc8 25. Re2 Bf8 26. Nd5 Bxd5 27. Rxd5 Qb6
28. Qxh6 Rgc7 29. Qh5 b4 30. Qf3 Qg1+ 31. Rd1 Bh6+ 32. Rd2 Rxc2+ 0-1

[Event "51st World Juniors"]
[Site "Athens GRE"]
[Date "2012.08.10"]
[Round "8.64"]
[White "Davis, Ashley J"]
[Black "Jefic, Srdjan"]
[Result "0-1"]
[WhiteElo "1929"]
[BlackElo "2165"]
[WhiteFideId "407798"]
[BlackFideId "14403080"]
[EventDate "2012.08.02"]

1. d4 d5 2. g3 c6 3. Bg2 Bf5 4. Nf3 Nf6 5. O-O Nbd7 6. b3 e6 7. c4 Bd6 8. Bb2
O-O 9. Nc3 Qe7 10. h3 h6 11. Re1 Ba3 12. Bxa3 Qxa3 13. Qc1 Qb4 14. Nd2 Rad8 15.
e4 dxe4 16. Ncxe4 Nxe4 17. Nxe4 Bxe4 18. Bxe4 Nf6 19. Qb2 Rd7 20. Bf3 Rfd8 21.
Red1 Qa5 22. Kg2 Qf5 23. b4 Nh7 24. Bg4 Qf6 25. b5 Rxd4 26. bxc6 bxc6 27. Qb7
Ng5 28. Qxc6 Ne4 29. Bf3 Nxf2 30. Rxd4 Qxd4 31. Rf1 Nd3 32. Bh5 Ne5 33. Qb7 Qd7
34. Qe4 Qc7 35. Rf2 g6 36. Bf3 Nxc4 37. h4 Nd2 38. Qe3 Nxf3 39. Qxf3 Qd7 40. Qf6
h5 41. g4 Qd5+ 42. Kh3 hxg4+ 0-1

[Event "51st World Juniors"]
[Site "Athens GRE"]
[Date "2012.08.10"]
[Round "8.65"]
[White "Tsiros, Fragkiskos Vlasios"]
[Black "Panagos, Theodoros"]
[Result "1-0"]
[WhiteElo "1897"]
[BlackElo "1768"]
[WhiteFideId "4228200"]
[BlackFideId "4236955"]
[EventDate "2012.08.02"]

1. e4 c5 2. Nf3 e6 3. d4 cxd4 4. Nxd4 a6 5. Nc3 Qc7 6. Bd3 Nf6 7. O-O Be7 8. a4
b6 9. Be3 Bb7 10. f4 d6 11. Qf3 Nbd7 12. Rae1 Nc5 13. Bd2 d5 14. e5 Nfe4 15.
Bxe4 Nxe4 16. Nxe4 dxe4 17. Qg3 Bc5 18. Be3 g6 19. c3 O-O 20. f5 Bxd4 21. Bxd4
exf5 22. Rxf5 Qd7 23. Rf6 Bc6 24. e6 Qd5 25. exf7+ Rxf7 26. Rxf7 Kxf7 27. Qf4+
Qf5 28. Qc7+ Qd7 29. Qe5 Qe6 30. Rf1+ Ke7 31. Qg7+ Kd6 32. Rf6 Re8 33. Rxe6+
Rxe6 34. Bxb6 1-0

[Event "51st World Juniors"]
[Site "Athens GRE"]
[Date "2012.08.11"]
[Round "9.1"]
[White "Rapport, Richard"]
[Black "Yu, Yangyi"]
[Result "1-0"]
[WhiteTitle "GM"]
[BlackTitle "GM"]
[WhiteElo "2605"]
[BlackElo "2635"]
[WhiteFideId "738590"]
[BlackFideId "8603820"]
[EventDate "2012.08.02"]

1. d4 Nf6 2. c4 e6 3. Nc3 Bb4 4. Bg5 c5 5. d5 d6 6. e3 exd5 7. cxd5 Nbd7 8. Bd3
h6 9. Bh4 Bxc3+ 10. bxc3 Qa5 11. Ne2 Nxd5 12. O-O O-O 13. c4 Nb4 14. Bb1 Ne5 15.
Nf4 Re8 16. a3 Nbc6 17. Nd5 Bg4 18. Qc2 Ng6 19. Bf6 Be6 20. Bc3 Qd8 21. f4 f5
22. Rf3 Nce7 23. Rg3 Bxd5 24. cxd5 Rf8 25. e4 Qe8 26. h4 Rf7 27. e5 h5 28. e6
Rf6 29. Bxf6 gxf6 30. Qb2 Kg7 31. Qxb7 Kh6 32. Qa6 Qb8 33. Qe2 c4 34. Qxc4 Qb6+
35. Kh2 Rc8 36. Qb4 Rc1 37. Qxb6 axb6 38. Rb3 Nxf4 39. Ra2 Nfxd5 40. Rf2 Re1 41.
Bxf5 Ne3 42. Bh3 Nf1+ 43. Rxf1 Rxf1 44. Rxb6 d5 45. Rb7 Ng6 46. Rf7 Re1 47. Rxf6
Kg7 48. Rf7+ Kg8 49. Rf5 Ne7 50. Rxh5 Kg7 51. Rg5+ Kf6 52. Rg3 d4 53. Rf3+ Ke5
54. h5 Rc1 55. Rf7 Kd6 56. Rf8 Nc6 57. h6 d3 58. h7 d2 59. Bg4 1-0

[Event "51st World Juniors"]
[Site "Athens GRE"]
[Date "2012.08.11"]
[Round "9.2"]
[White "Ipatov, Alexander"]
[Black "Ter-Sahakyan, Samvel"]
[Result "1/2-1/2"]
[WhiteTitle "GM"]
[BlackTitle "GM"]
[WhiteElo "2577"]
[BlackElo "2567"]
[WhiteFideId "14116731"]
[BlackFideId "13302531"]
[EventDate "2012.08.02"]

1. d4 d5 2. c4 c6 3. Nf3 Nf6 4. e3 e6 5. Nc3 Nbd7 6. Qc2 Bd6 7. b3 O-O 8. Be2 b6
9. O-O Bb7 10. Rd1 Qe7 11. e4 Nxe4 12. Nxe4 dxe4 13. Qxe4 Nf6 14. Qh4 c5 15. Bf4
Rad8 16. Be5 cxd4 17. Rxd4 Bxe5 18. Nxe5 Qc5 19. Rxd8 Rxd8 20. Ng4 Rd2 21. Rd1
Rxd1+ 22. Bxd1 Nxg4 23. Bxg4 Qd4 24. h3 g6 25. Qg3 e5 26. Qe3 Qxe3 27. fxe3 h5
28. Bf3 e4 29. Be2 h4 30. g3 g5 31. Bg4 Kg7 32. Kf2 Kf6 33. gxh4 gxh4 34. Ke2
Bc6 35. b4 Ke5 36. Bc8 f5 37. Kd2 Be8 38. c5 Bb5 39. Ke1 bxc5 40. bxc5 Bc6 41.
Kd2 f4 42. exf4+ Kxf4 43. Bg4 e3+ 44. Ke2 Bb5+ 45. Ke1 Ke4 46. Be2 Bd7 47. Ba6
Kd4 48. Ke2 Be8 49. Kf3 Bh5+ 50. Kf4 e2 51. Bxe2 Bxe2 52. c6 Bb5 53. c7 Bd7 54.
Kg5 Bxh3 55. Kxh4 Bc8 56. Kg3 Kc3 57. Kf3 Kb4 58. Ke4 Ka3 59. Kd4 Kxa2 60. Kc4
Kb2 61. Kb4 Bb7 62. Ka4 Ka2 63. Kb4 Bc8 64. Ka4 Ba6 65. Ka5 Bb7 66. Kb4 a6 67.
Ka4 Bc8 68. Kb4 Ka1 69. Ka4 Kb1 70. Kb4 Kb2 71. Ka4 Kc3 72. Ka3 Be6 73. c8=Q+
Bxc8 74. Ka2 Be6+ 75. Ka1 a5 76. Kb1 a4 77. Ka1 a3 78. Kb1 Kb3 79. Ka1 Bf5 1/2-1/2

[Event "51st World Juniors"]
[Site "Athens GRE"]
[Date "2012.08.11"]
[Round "9.3"]
[White "Schreiner, Peter"]
[Black "Ding, Liren"]
[Result "1/2-1/2"]
[WhiteTitle "FM"]
[BlackTitle "GM"]
[WhiteElo "2444"]
[BlackElo "2695"]
[WhiteFideId "1621645"]
[BlackFideId "8603677"]
[EventDate "2012.08.02"]

1. d4 Nf6 2. c4 g6 3. g3 Bg7 4. Bg2 O-O 5. Nc3 d6 6. Nf3 Nc6 7. O-O a6 8. Qd3 e5
9. dxe5 dxe5 10. Qxd8 Rxd8 11. Bg5 Re8 12. Nd2 Nd4 13. Rfd1 Ne6 14. Bxf6 Bxf6
15. e3 Bd8 16. b4 f5 17. c5 e4 18. Nc4 Ng5 19. h4 Nf7 20. Nd5 Rb8 21. Bf1 Kg7
22. Be2 c6 23. Ndb6 Bxb6 24. Nxb6 Be6 25. Bc4 Kf6 26. Nd7+ Bxd7 27. Rxd7 Ne5 28.
Rd6+ Kg7 29. Be2 Rbd8 30. Rad1 Rxd6 31. Rxd6 Re7 32. Kf1 Rd7 33. Rxd7+ Nxd7 34.
Ke1 Kf6 35. Kd2 a5 1/2-1/2

[Event "51st World Juniors"]
[Site "Athens GRE"]
[Date "2012.08.11"]
[Round "9.4"]
[White "Shimanov, Aleksandr"]
[Black "Wei, Yi"]
[Result "1-0"]
[WhiteTitle "GM"]
[BlackTitle "FM"]
[WhiteElo "2596"]
[BlackElo "2418"]
[WhiteFideId "4198603"]
[BlackFideId "8603405"]
[EventDate "2012.08.02"]

1. d4 Nf6 2. Nf3 d5 3. c4 e6 4. Nc3 Bb4 5. cxd5 exd5 6. Bg5 Nbd7 7. e3 c5 8. Be2
Qa5 9. O-O Bxc3 10. bxc3 c4 11. Qc2 Ne4 12. Rac1 Nb6 13. Bf4 O-O 14. Ne5 g5 15.
f3 Nxc3 16. Bxg5 Nxe2+ 17. Qxe2 f6 18. Bh6 fxe5 19. Bxf8 Kxf8 20. f4 exd4 21. f5
Qc5 22. f6 d3 23. Qh5 Qxe3+ 24. Kh1 d2 25. Rc3 d1=Q 26. Rxd1 Qxc3 27. Qh6+ Kf7
28. Qg7+ Ke6 29. Qe7+ Kf5 30. Rf1+ Kg4 31. Qg7+ Kh5 32. Qxh7+ 1-0

[Event "51st World Juniors"]
[Site "Athens GRE"]
[Date "2012.08.11"]
[Round "9.5"]
[White "Lapidus, Mark"]
[Black "Holt, Conrad"]
[Result "0-1"]
[BlackTitle "IM"]
[WhiteElo "2129"]
[BlackElo "2498"]
[WhiteFideId "4502299"]
[BlackFideId "2034387"]
[EventDate "2012.08.02"]

1. e4 e6 2. Qe2 c5 3. Nf3 Nc6 4. g3 g6 5. Bg2 Bg7 6. d3 d6 7. c3 e5 8. O-O Nge7
9. a3 O-O 10. b4 f5 11. Qa2+ Kh8 12. Ng5 Qe8 13. Ne6 Bxe6 14. Qxe6 Rd8 15. b5
Na5 16. Bg5 Ng8 17. exf5 gxf5 18. Qa2 Bf6 19. Bxf6+ Nxf6 20. a4 d5 21. Nd2 e4
22. Rfe1 Qh5 23. c4 Ng4 24. h3 Ne5 25. cxd5 Nxd3 26. Re3 Qh6 27. g4 Qg7 28. Rb1
Nf4 29. Nc4 Nxc4 30. Qxc4 Rxd5 31. Rg3 Qd4 32. Qa2 Nxg2 33. Kxg2 f4 34. Ra3 e3
35. Re1 f3+ 36. Kg1 e2 37. Qc2 Qd2 0-1

[Event "51st World Juniors"]
[Site "Athens GRE"]
[Date "2012.08.11"]
[Round "9.6"]
[White "Huschenbeth, Niclas"]
[Black "Debashis, Das"]
[Result "1/2-1/2"]
[WhiteTitle "GM"]
[BlackTitle "IM"]
[WhiteElo "2532"]
[BlackElo "2446"]
[WhiteFideId "24604747"]
[BlackFideId "5024854"]
[EventDate "2012.08.02"]

1. Nf3 d5 2. g3 Nf6 3. Bg2 Bg4 4. c4 c6 5. Ne5 Be6 6. cxd5 Bxd5 7. Nf3 e5 8. d3
Bxf3 9. Bxf3 Bc5 10. O-O O-O 11. Nc3 Nbd7 12. Bd2 Re8 13. a3 a5 14. Rb1 Qe7 15.
Qc2 h6 16. Rfc1 Bd6 17. Bg2 Nf8 18. Na4 Ne6 19. Nb6 Ra6 20. Nc4 Bc7 21. b4 Nd4
22. Qd1 a4 23. Be3 Nb3 24. Rc2 e4 25. dxe4 Nxe4 26. Qd3 Nd6 27. Nxd6 Bxd6 28.
Rd1 Raa8 29. Rc4 Be5 30. Bb6 Bb2 31. Re4 Qf6 32. Qd7 Rf8 33. Rf4 Qe6 34. Qxb7
Bxa3 35. Rd7 Rab8 36. Qc7 Rbc8 37. Rfxf7 Rxc7 38. Rxg7+ Kh8 39. Rh7+ Kg8 40.
Rhg7+ Kh8 41. Rh7+ 1/2-1/2

[Event "51st World Juniors"]
[Site "Athens GRE"]
[Date "2012.08.11"]
[Round "9.7"]
[White "Oparin, Grigoriy"]
[Black "Van Kampen, Robin"]
[Result "1-0"]
[WhiteTitle "IM"]
[BlackTitle "GM"]
[WhiteElo "2488"]
[BlackElo "2565"]
[WhiteFideId "24125890"]
[BlackFideId "1020854"]
[EventDate "2012.08.02"]

1. e4 c5 2. Nf3 e6 3. d4 cxd4 4. Nxd4 a6 5. Nc3 Qc7 6. Be2 b5 7. O-O b4 8. Na4
Bb7 9. Re1 Bd6 10. g3 Nf6 11. Bf3 Nc6 12. Nb3 Ne5 13. Bg2 Nc4 14. Nd4 O-O 15. b3
Na5 16. Bb2 Be7 17. Rc1 Nc6 18. c3 Rad8 19. e5 Ne8 20. cxb4 Bxb4 21. Re2 Qb8 22.
Nxc6 Bxc6 23. Bxc6 dxc6 24. Qc2 Qb5 25. a3 Be7 26. Nc3 Qb7 27. Ne4 c5 28. Qc4
Rd5 29. h4 h5 30. Rec2 g6 31. Qe2 Ng7 32. b4 Nf5 33. bxc5 Qc6 34. Rc4 Rb8 35.
Rb4 Rb5 36. Qc2 Bd8 37. Rxb5 axb5 38. Nd6 Ba5 39. Ne4 Kg7 40. Qe2 Bc7 41. Nd6
Rxc5 42. Rxc5 Qxc5 43. Qxb5 Qc2 44. Ne8+ Kf8 45. Nf6 Kg7 46. a4 Nh6 47. Ba3 Qa2
48. Qc5 Qa1+ 49. Kg2 Bxe5 50. Ne4 f6 51. Qe7+ Kh8 52. Qe8+ Ng8 53. Bf8 f5 54.
Qxg6 Bg7 55. Ng5 1-0

[Event "51st World Juniors"]
[Site "Athens GRE"]
[Date "2012.08.11"]
[Round "9.8"]
[White "Pavlidis, Antonios"]
[Black "Grandelius, Nils"]
[Result "0-1"]
[WhiteTitle "IM"]
[BlackTitle "GM"]
[WhiteElo "2466"]
[BlackElo "2562"]
[WhiteFideId "4212312"]
[BlackFideId "1710400"]
[EventDate "2012.08.02"]

1. e4 c5 2. Nf3 e6 3. d4 cxd4 4. Nxd4 a6 5. Bd3 g6 6. O-O Bg7 7. Be3 Ne7 8. Nc3
O-O 9. Qd2 d5 10. exd5 Nxd5 11. Nxd5 Qxd5 12. c4 Qd8 13. Nf3 Bd7 14. Bh6 Bc6 15.
Bxg7 Kxg7 16. Qe3 Bxf3 17. Qxf3 Nc6 18. Be4 Qf6 19. b3 Qxf3 20. Bxf3 a5 21. Rfd1
a4 22. Rab1 axb3 23. axb3 Rfb8 24. g3 Ra3 25. Rd6 Na5 26. Bd1 Rc8 27. Rb6 Rc6
28. Rxc6 Nxc6 29. c5 Ra5 30. b4 Rb5 31. Bf3 Rxb4 32. Rxb4 Nxb4 33. Bxb7 Kf6 34.
Kf1 Ke5 35. Ke2 Kd4 36. c6 Nd5 37. Kf3 Kc5 38. Kg4 h6 39. h4 Kd6 40. f3 Ne7 41.
h5 f5+ 42. Kf4 0-1

[Event "51st World Juniors"]
[Site "Athens GRE"]
[Date "2012.08.11"]
[Round "9.9"]
[White "Grigoryan, Karen H."]
[Black "Kovalev, Vladislav"]
[Result "1/2-1/2"]
[WhiteTitle "IM"]
[BlackTitle "IM"]
[WhiteElo "2529"]
[BlackElo "2485"]
[WhiteFideId "13301004"]
[BlackFideId "13504398"]
[EventDate "2012.08.02"]

1. d4 Nf6 2. c4 g6 3. Nc3 Bg7 4. e4 d6 5. Nf3 O-O 6. Be2 e5 7. O-O Na6 8. Be3 h6
9. Rb1 Ng4 10. Bc1 f5 11. dxe5 Nxe5 12. Nd4 fxe4 13. Nxe4 Nc5 14. Nc3 Ne6 15.
Nxe6 Bxe6 16. Nd5 c6 17. Ne3 g5 18. b3 Qe7 19. Ba3 Rad8 20. Qd2 Ng6 21. Rbd1 Nf4
22. Rfe1 Be5 23. Bg4 h5 24. Bxe6+ Qxe6 25. Nf1 h4 26. Ne3 g4 27. Bb2 Ng6 28. Kh1
Bxb2 29. Qxb2 Ne5 30. Qe2 Rd7 31. c5 d5 32. Nc4 dxc4 33. Rxd7 Qxd7 34. Qxe5 cxb3
35. axb3 Qf5 36. Qd4 h3 37. Re4 Kh7 38. Kg1 Rf7 39. gxh3 gxh3 40. Rh4+ Kg6 41.
Qd6+ Rf6 42. Qg3+ Kf7 43. Qc7+ Kg8 44. Qb8+ Kf7 45. Qxb7+ Kg8 46. Qb8+ Kf7 47.
Qc7+ Kg8 1/2-1/2

[Event "51st World Juniors"]
[Site "Athens GRE"]
[Date "2012.08.11"]
[Round "9.10"]
[White "Cori, Jorge"]
[Black "Grover, Sahaj"]
[Result "0-1"]
[WhiteTitle "GM"]
[BlackTitle "IM"]
[WhiteElo "2487"]
[BlackElo "2516"]
[WhiteFideId "3802272"]
[BlackFideId "5021103"]
[EventDate "2012.08.02"]

1. d4 Nf6 2. Nf3 g6 3. c4 Bg7 4. g3 d5 5. cxd5 Nxd5 6. Bg2 Nb6 7. Nc3 Nc6 8. e3
O-O 9. O-O Re8 10. Re1 a5 11. Qe2 e5 12. dxe5 Nxe5 13. Nxe5 Bxe5 14. e4 Be6 15.
f4 Bxc3 16. bxc3 Bd5 17. Bb2 Qe7 18. Qf2 Bc6 19. c4 Nxc4 20. Bc3 Rad8 21. Rac1
Qa3 22. f5 Ne5 23. fxg6 fxg6 24. Bh3 Qe7 25. a4 Nd3 26. Qa2+ Rd5 27. Be6+ Qxe6
28. exd5 Nxc1 29. Qd2 0-1

[Event "51st World Juniors"]
[Site "Athens GRE"]
[Date "2012.08.11"]
[Round "9.11"]
[White "Antipov, Mikhail Al."]
[Black "Heimann, Andreas"]
[Result "1/2-1/2"]
[WhiteTitle "IM"]
[BlackTitle "IM"]
[WhiteElo "2462"]
[BlackElo "2493"]
[WhiteFideId "4107012"]
[BlackFideId "24624632"]
[EventDate "2012.08.02"]

1. e4 e5 2. Nf3 Nc6 3. Bb5 a6 4. Ba4 Nf6 5. O-O Be7 6. Re1 b5 7. Bb3 O-O 8. a4
b4 9. d4 d6 10. dxe5 dxe5 11. Qxd8 Rxd8 12. Nbd2 Bd6 13. a5 h6 14. Bc4 Re8 15.
Nb3 Be6 16. Bd3 Red8 17. Nfd2 Nd7 18. Bc4 Nc5 19. Nxc5 Bxc5 20. Bxe6 fxe6 21.
Nb3 Ba7 22. Be3 Nd4 23. Rac1 Nxb3 24. cxb3 Bxe3 25. Rxe3 c5 26. Re2 Rd3 27. g3
Rc8 28. Rec2 Rxb3 29. Kg2 Kf7 30. Rxc5 Rxc5 31. Rxc5 Rxb2 1/2-1/2

[Event "51st World Juniors"]
[Site "Athens GRE"]
[Date "2012.08.11"]
[Round "9.12"]
[White "Zherebukh, Yaroslav"]
[Black "Hambleton, Aman"]
[Result "1-0"]
[WhiteTitle "GM"]
[BlackTitle "FM"]
[WhiteElo "2629"]
[BlackElo "2244"]
[WhiteFideId "14116804"]
[BlackFideId "2606577"]
[EventDate "2012.08.02"]

1. d4 Nf6 2. Bg5 c5 3. Bxf6 exf6 4. e3 Qb6 5. b3 cxd4 6. exd4 Nc6 7. c3 d5 8.
Bd3 Bd6 9. Nd2 Be6 10. Ne2 O-O 11. Nf1 Qa5 12. Ne3 b5 13. O-O Rfd8 14. a3 g6 15.
f4 f5 16. Qe1 Ne7 17. b4 Qb6 18. Nc1 Rac8 19. g3 Kg7 20. Nb3 Ng8 21. Nc5 Nf6 22.
a4 bxa4 23. Rxa4 Ne4 24. Ra6 Qb8 25. Bxe4 dxe4 26. Qa1 Rc7 27. Ra3 Re7 28. Na6
Qb7 29. d5 Bc8 30. c4+ f6 31. c5 Bb8 32. Rd1 Qb5 33. Ra5 1-0

[Event "51st World Juniors"]
[Site "Athens GRE"]
[Date "2012.08.11"]
[Round "9.13"]
[White "Yilmaz, Mustafa"]
[Black "Andersen, Mads"]
[Result "0-1"]
[WhiteTitle "IM"]
[BlackTitle "IM"]
[WhiteElo "2543"]
[BlackElo "2464"]
[WhiteFideId "6302718"]
[BlackFideId "1413864"]
[EventDate "2012.08.02"]

1. c4 g6 2. Nc3 c5 3. g3 Bg7 4. Bg2 Nc6 5. Nf3 e6 6. d3 Nge7 7. h4 h6 8. Bd2 b6
9. Qc1 Bb7 10. O-O Rc8 11. a3 d5 12. Bf4 Nd4 13. Rb1 e5 14. Nxe5 g5 15. hxg5
hxg5 16. Bxg5 Bxe5 17. e3 Ndf5 18. Nxd5 Bxd5 19. cxd5 f6 20. Bf4 Bxf4 21. exf4
Nd4 22. Re1 Qd6 23. b4 Kf7 24. bxc5 Rxc5 25. Qb2 Nef5 26. Qa2 Rc2 27. Rb2 Rhc8
28. Be4 Rxb2 29. Qxb2 Rc2 30. Qb4 Qxb4 31. axb4 Nd6 32. g4 Rc1 0-1

[Event "51st World Juniors"]
[Site "Athens GRE"]
[Date "2012.08.11"]
[Round "9.14"]
[White "Shyam, Sundar M."]
[Black "Barbosa, Evandro Amorim"]
[Result "1/2-1/2"]
[WhiteTitle "IM"]
[BlackTitle "IM"]
[WhiteElo "2486"]
[BlackElo "2436"]
[WhiteFideId "5019141"]
[BlackFideId "2115824"]
[EventDate "2012.08.02"]

1. d4 Nf6 2. c4 g6 3. Nc3 d5 4. cxd5 Nxd5 5. e4 Nxc3 6. bxc3 Bg7 7. Be3 c5 8.
Nf3 Qa5 9. Qd2 Nc6 10. Rb1 a6 11. Rc1 Bg4 12. d5 Rd8 13. Be2 e6 14. O-O exd5 15.
exd5 O-O 16. Rfd1 Bxf3 17. Bxf3 Ne5 18. c4 Nxf3+ 19. gxf3 Qc7 20. d6 Qd7 21. Rb1
Be5 22. Kg2 Qf5 23. d7 Bd4 24. Bh6 Qxd7 25. Bxf8 Rxf8 26. Rb6 Rc8 27. Qf4 Qe7
28. Qe4 Qf8 29. Re1 Rd8 30. Rxb7 Qh6 31. h4 Rf8 32. Ra7 a5 33. Re2 Qc1 34. Qd5
Qf4 35. h5 Kg7 36. Ree7 Qf6 37. f4 Qxf4 38. Qf3 Qg5+ 39. Qg3 Qxh5 40. Rxa5 Qf5
41. Raa7 h5 42. Re2 Rh8 43. Ree7 Rf8 44. Re2 Rh8 45. Ree7 1/2-1/2

[Event "51st World Juniors"]
[Site "Athens GRE"]
[Date "2012.08.11"]
[Round "9.15"]
[White "Shyam, Nikil P."]
[Black "Kilpatrick, Callum"]
[Result "1-0"]
[WhiteTitle "IM"]
[BlackTitle "FM"]
[WhiteElo "2484"]
[BlackElo "2326"]
[WhiteFideId "5024218"]
[BlackFideId "414425"]
[EventDate "2012.08.02"]

1. e4 e5 2. Nf3 Nc6 3. Bb5 a6 4. Ba4 Nf6 5. O-O Be7 6. Re1 b5 7. Bb3 O-O 8. h3
Bb7 9. d3 d5 10. exd5 Nxd5 11. Nxe5 Nxe5 12. Rxe5 Qd6 13. Re1 Rae8 14. Nd2 c5
15. Ne4 Qc7 16. c3 Nf6 17. Bc2 h6 18. Bd2 Qc6 19. Qf3 Nd7 20. Bf4 Rc8 21. Nd2
Qb6 22. Qg3 Rfe8 23. Bd1 Rc6 24. Bh5 Qd8 25. a4 Nf6 26. Bf3 Nd5 27. axb5 Rg6 28.
Qh2 axb5 29. Bg3 Qb6 30. Re5 Rg5 31. Rae1 Rxe5 32. Rxe5 Nf6 33. Re1 Bxf3 34.
Nxf3 Qd8 35. Be5 Nd5 36. Qg3 Bf8 37. Bf4 Rxe1+ 38. Nxe1 Qa5 39. Qf3 Qa1 40. Qxd5
Qxe1+ 41. Kh2 Qxf2 42. Bg3 Qe2 43. Qd8 Qe7 44. Qc8 Qe6 45. Qd8 Qe7 46. Qd5 Qe6
47. Qxe6 fxe6 48. b3 Kf7 49. Be5 Ke8 50. Kg3 Kd7 51. Kg4 g6 52. c4 bxc4 53. bxc4
Kc6 54. h4 Kd7 55. h5 g5 56. Kf3 Kc6 57. Ke4 Kd7 58. Bb2 Kc6 59. Bf6 Kd7 60. Ke3
Kd6 61. Kf3 Kc6 62. Kg4 Kd6 63. Kf3 Kc6 64. Ke4 Kd7 65. Be5 Kc6 66. Bb2 Kd7 67.
Ba3 Bd6 68. d4 Kc6 69. Bxc5 Bxc5 70. dxc5 Kxc5 71. Ke5 Kxc4 72. Kxe6 Kd4 73. Kf5
Ke3 74. Kg6 g4 75. Kxh6 g3 76. Kg5 Kf2 77. h6 Kxg2 78. h7 Kf2 79. h8=Q g2 80.
Qd4+ Kf1 81. Qf4+ Ke1 82. Qg3+ Kf1 83. Qf3+ 1-0

[Event "51st World Juniors"]
[Site "Athens GRE"]
[Date "2012.08.11"]
[Round "9.17"]
[White "Urkedal, Frode"]
[Black "Ghosh, Diptayan"]
[Result "1/2-1/2"]
[WhiteTitle "IM"]
[BlackTitle "FM"]
[WhiteElo "2473"]
[BlackElo "2417"]
[WhiteFideId "1506102"]
[BlackFideId "5045207"]
[EventDate "2012.08.02"]

1. d4 d5 2. c4 c6 3. Nf3 Nf6 4. e3 Bf5 5. Nc3 e6 6. Nh4 Bg6 7. Bd2 Nbd7 8. Be2
Bd6 9. h3 Qe7 10. Nxg6 hxg6 11. Qb3 Rb8 12. O-O O-O 13. Rac1 a6 14. Qc2 dxc4 15.
Bxc4 c5 16. dxc5 Nxc5 17. b4 Ncd7 18. a3 Rbc8 19. Qb3 b5 20. Be2 Nb6 21. Rfd1
Rc7 22. Rc2 Rfc8 23. Rdc1 Kh7 24. Be1 Be5 25. f4 Bd6 26. Bh4 e5 27. Bg4 Rd8 28.
Ne4 Rc4 29. Rxc4 bxc4 30. Rxc4 Nxc4 31. Qxc4 Qc7 32. Qxc7 Bxc7 33. Nxf6+ gxf6
34. Bxf6 Rd3 35. fxe5 Rxa3 36. Kf2 Bb6 37. Bg5 Rb3 38. Be2 Rxb4 39. Bxa6 Re4 40.
Kf3 Rxe5 41. Bf4 Re7 42. h4 Kg7 43. Bc4 Bc7 44. Bd5 Be5 45. Bxe5+ Rxe5 46. e4
Re7 47. Kf4 Rc7 48. g4 Rc1 49. e5 Rf1+ 50. Kg5 Rd1 51. Be4 Re1 52. Kf4 Kh6 53.
Bd5 Rf1+ 54. Bf3 Kg7 55. Kg3 Kf8 56. Bd5 Ke7 57. h5 gxh5 58. gxh5 Rf5 59. Bf3
Rxe5 60. Kf4 Kf6 61. h6 Re1 62. h7 Kg7 63. Be4 Re2 64. Bd3 Rh2 65. Kg5 Rh6 66.
Be4 Re6 67. Bd3 Re1 68. Bf5 Rg1+ 69. Kf4 Rh1 70. Kg5 Rg1+ 71. Kf4 f6 72. Be4 Rc1
73. Kg4 Ra1 74. Kf4 Ra2 75. Kg3 Ra5 76. Kg4 Rg5+ 77. Kf4 Rh5 78. Kg4 Rh2 79. Kg3
Rh6 80. Kg4 Kf8 81. Kf4 Ke7 82. Bf5 Kd6 83. Bg6 Ke6 84. Bf5+ Kf7 85. Kg4 Kg7 86.
Be4 Rxh7 87. Bxh7 Kxh7 88. Kf5 Kg7 89. Kf4 Kg6 90. Kg4 f5+ 91. Kf4 Kf6 92. Kf3
Ke5 93. Ke3 f4+ 94. Kf3 Kf5 95. Kf2 Ke4 96. Ke2 f3+ 97. Kf2 Kf4 98. Kf1 Ke3 99.
Ke1 f2+ 100. Kf1 Kf3 1/2-1/2

[Event "51st World Juniors"]
[Site "Athens GRE"]
[Date "2012.08.11"]
[Round "9.18"]
[White "Stathopoulos, Ioannis"]
[Black "Hansen, Eric"]
[Result "0-1"]
[BlackTitle "IM"]
[WhiteElo "2216"]
[BlackElo "2472"]
[WhiteFideId "4223098"]
[BlackFideId "2606771"]
[EventDate "2012.08.02"]

1. d4 Nf6 2. c4 g6 3. Nc3 d5 4. Nf3 Bg7 5. Bf4 O-O 6. e3 c5 7. dxc5 Ne4 8. Rc1
Nd7 9. cxd5 Qa5 10. Nd4 Nxc3 11. bxc3 Nxc5 12. Bc4 Bd7 13. O-O Rac8 14. Qf3 Na4
15. Bb3 Nxc3 16. Bg5 e5 17. dxe6 fxe6 18. Qh3 Bxd4 19. exd4 Ne2+ 20. Kh1 Qxg5
21. Bxe6+ Kg7 22. Rxc8 Rxc8 23. Qf3 Bxe6 24. Qxb7+ Kh6 0-1